Người Thái ở Tây Bắc The Thai in the north - west of Việt Nam

সংরক্ষণ করুন:
গ্রন্থ-পঞ্জীর বিবরন
প্রধান লেখক: Vũ, Khánh
বিন্যাস: গ্রন্থ
ভাষা:Undetermined
প্রকাশিত: H. Thông Tấn 2008
বিষয়গুলি:
অনলাইন ব্যবহার করুন:http://lrc.tdmu.edu.vn/opac/search/detail.asp?aID=2&ID=7164
ট্যাগগুলো: ট্যাগ যুক্ত করুন
কোনো ট্যাগ নেই, প্রথমজন হিসাবে ট্যাগ করুন!
Thư viện lưu trữ: Trung tâm Học liệu Trường Đại học Thủ Dầu Một
LEADER 00673nam a2200205Ia 4500
001 TDMU_7164
008 210410s9999 xx 000 0 und d
082 |a 305.895 91 
090 |b V500 
100 |a Vũ, Khánh 
245 0 |a Người Thái ở Tây Bắc 
245 4 |b The Thai in the north - west of Việt Nam 
245 0 |c Vũ Khánh 
260 |a H. 
260 |b Thông Tấn 
260 |c 2008 
300 |a 150tr 
650 |a Dân tộc học; Dân tộc Thái; Tây Bắc; Việt Nam 
856 |u http://lrc.tdmu.edu.vn/opac/search/detail.asp?aID=2&ID=7164 
980 |a Trung tâm Học liệu Trường Đại học Thủ Dầu Một